00299nam a2200097Ia 4500008004100000100001900041245004000060245002000100260000900120856007200129160531s9999 xx 000 0 und d aEkinci, Deniz. aMedicinal Chemistry and Drug Design cby Deniz Ekinci c2012 uhttp://www.intechopen.com/books/medicinal-chemistry-and-drug-design